| 000 | 01076nas a2200337 4500 | ||
|---|---|---|---|
| 001 | BR2015007023 | ||
| 003 | BR-BrBNA | ||
| 005 | 20231205130031.0 | ||
| 007 | ta | ||
| 008 | 230509b bl.|||p| |||| 00| 00por d | ||
| 040 |
_aBR-BrBNA _bpor _cBiblioteca Nacional de Agricultura |
||
| 041 | _a(En) | ||
| 072 | _aL74 | ||
| 100 | 1 | _aNetto, D.P. | |
| 100 | 1 | _aChiacchio, S.B. | |
| 100 | 1 | _aBicudo, P.L. | |
| 100 | 1 | _aAlfieri, A.A. | |
| 100 | 1 | _aNascimento, N. | |
| 245 | 1 | _aHumoral response and neutralization capacity of sheep serum inoculated with natural and Cobalt 60-irradiated Crotalus durissus terrificus venom (Laurenti, 1768) | |
| 650 | _aCOBRA PECONHENTA | ||
| 650 | _aVENENO | ||
| 650 | _aTOXINA | ||
| 650 | _aNEUTRALIZACAO | ||
| 650 | _aOVELHA | ||
| 650 | _aANTIDOTO | ||
| 650 | _aANALISE | ||
| 773 | 0 |
_tJournal of Venomous Animals and Toxins (Brazil) _xISSN 1678-4936 _g(2002), v. 8(2) p. 297-314 _wBR2015007023 |
|
| 856 | 4 | 0 | _uhttp://dx.doi.org/10.1590/S0104-79302002000200008 |
| 909 |
_a202311 _bLúcia _c55 _dLúcia Elande |
||
| 942 |
_2AGRIS _n0 _cANA |
||
| 999 |
_c247541 _d247541 |
||